000 00320cam a22001217a 4500
008 180718b1966 xxu||||| |||| 00| 0 eng d
082 _aB131x 42 M451
100 _aMay, John
245 _aLiving in cities
_cby John May
260 _aLondon
_bLongmans
_c1966
300 _a63p
650 _aCities and towns --Great Britain.
999 _c408346
_d408346